00327nam a2200121Ia 4500008004100000041000800041082001700049100001800066245004500084260003500129300003200164365000900196240624s9999 xx 000 0 und d aeng a658.406 BOS aBOSSIDY LARRY aCONFRONTING REALITY DOING WHAT MATTERS T c2004aNew YorkbCrown Business aviii, : 264 : p. : cm. ; 24 cb25